| 000 | 00713nam a2200241 a 4500 | ||
|---|---|---|---|
| 005 | 20210219152900.0 | ||
| 008 | 991125n 000 0 u | ||
| 035 | _aUPN01000065021 | ||
| 100 | _aShaw, Steven R. | ||
| 222 | _aDIAGNOSTIQUE | ||
| 245 | _aAssesing children with traumatic brain injuries : Integrating educational and medical issues | ||
| 300 | _a255-265 | ||
| 362 | _a17, No. 4, 1992 | ||
| 505 | _aAgosto 1993 | ||
| 653 | 0 | _aDA\197O CEREBRAL | |
| 653 | 0 | _aEVALUACION DEL ESTUDIANTE | |
| 653 | 0 | _aIMPEDIMENTOS NEUROLOGICOS | |
| 653 | 0 | _aSERVICIOS MEDICOS | |
| 653 | 0 | _aSINTOMAS (DESORDENES INDIVIDUALES) | |
| 700 | _aYingst, Christine A. | ||
| 904 |
_aAC _b002832 |
||
| 905 | _aArticulo | ||
| 999 |
_c62870 _d62870 |
||